| 000 | 00947nam a2200241Ia 4500 | ||
|---|---|---|---|
| 999 |
_c54680 _d54680 |
||
| 001 | 21747 | ||
| 003 | GE_BSU | ||
| 005 | 20220208164323.0 | ||
| 008 | 181216s1963||||ge |||||||||||||| ||geo|| | ||
| 040 | _cGE_BSU | ||
| 041 | _ageo | ||
| 080 | _a81(479.22)(092) ჟ-99 | ||
| 100 |
_aჟღენტი, ს. _913502 |
||
| 245 |
_aგიორგი ახვლედიანი : _bმონოგრაფია / _cს. ჟღენტი ; რედ. შ. ძიძიგური. |
||
| 264 |
_aთბილისი : _bნაკადული, _c1963. |
||
| 300 |
_a62 გვ. : _b1 ფ. პორტრ. ; _c20 სმ. |
||
| 541 | _h3 ლ. | ||
| 653 | _aგიორგი ახვლედიანი | ||
| 653 | _aმონოგრაფია | ||
| 653 | _aქართველი ენათმეცნიერები | ||
| 700 |
_aძიძიგური, შ. _eრედაქტორი _913503 |
||
| 942 |
_cBK _2udc |
||